Miasta w Brazylii - nagła śmierć - Statystyki

Ogólne statystyki
  • Ten quiz został rozwiązany 19 razy
  • Średni wynik to 9 z 14
Answers on the Grid
Answers color-coded by a green-red scale on the quiz's grid according to % correct below.
Asunción
Bafatá
Belém
Belo Horizonte
Bogotá
Brasília
Campinas
Ciudad de la Costa
Coimbra
Cuiabá
El Alto
Fortaleza
Goiânia
Kurytyba
La Plata
Malabo
Maputo
Manaus
Moçâmedes
Oaxaca
Palo Alto
Porto Alegre
Recife
Rio de Janeiro
Salvador
São Paulo
São Tomé
Setúbal
 
Statystyki odpowiedzi
Odpowiedź % Poprawnych
Brasília
100%
Belo Horizonte
94%
Fortaleza
88%
Rio de Janeiro
88%
São Paulo
75%
Belém
69%
Recife
69%
Kurytyba
63%
Porto Alegre
63%
Manaus
56%
Cuiabá
44%
Salvador
44%
Goiânia
38%
Campinas
19%
Nie znaleziono quizów pasujących do podanych kryteriów
Rozkład punktacji
Procent ludzi z każdym wynikiem
Percentyl według liczby udzielonych odpowiedzi
Twoja historia wyników
Nie rozwiązałeś tego quizu